000 00521nam a22001817a 4500
003 UA-OsUOA
001 12647
007 ta
008 20050426b un ||||| |||| 00| 0 ukr d
100 _aФулей Т.
942 _cSA
040 _aUA-OsUOA
_cUA-OsUOA
_dUA-OsUOA
245 _aПідготовка професійних суддів у Франції
300 _aС.124-128
955 _a0
773 0 _w0
_tПраво України
_dКиїв
_d2005
_gN4
650 7 _aПраво зарубіжних країн
_2UDC
999 _c298808
_d298808